000 00696pam a2200241 a 4500
001 006943686
003 OSt
005 20170918111118.0
008 031002s2004 enka frb 000 0 eng d
020 _a9780752858784
020 _a0752858785
040 _aStDuBDS
_beng
_cStDuBDS
_dUk
_dEG-ScBUE
082 0 4 _222
_a302.222
_bPEA
100 1 _aPease, Allan.
245 1 4 _aThe definitive book of body language /
_cAllan & Barbara Pease.
260 _aLondon :
_bOrion,
_c2004.
300 _axv, 392 p. :
_bill. ;
_c20 cm.
504 _aIncludes bibliographical references.
650 7 _aBody language.
_2BUEsh
_94722
653 _bGGEN
_cSeptember2017
700 1 _aPease, Barbara.
942 _2ddc
999 _c25448
_d25420